Five true dog stories / (Record no. 6877)

MARC details
000 -LEADER
fixed length control field 01029nam a22003017a 4500
001 - CONTROL NUMBER
control field 6877
003 - CONTROL NUMBER IDENTIFIER
control field FISKH
005 - DATE AND TIME OF LATEST TRANSACTION
control field 20250702142254.0
008 - FIXED-LENGTH DATA ELEMENTS--GENERAL INFORMATION
fixed length control field 250604b cb ||||| |||| 00| 0 eng d
020 ## - INTERNATIONAL STANDARD BOOK NUMBER
International Standard Book Number 9780590424011
040 ## - CATALOGING SOURCE
Original cataloging agency FISKH
Language of cataloging eng
Transcribing agency FISKH
Modifying agency FISKH
050 ## - LIBRARY OF CONGRESS CALL NUMBER
Classification number SF426.5
082 ## - DEWEY DECIMAL CLASSIFICATION NUMBER
Classification number 636.7
100 ## - MAIN ENTRY--PERSONAL NAME
Personal name Davidson, Margaret
Dates associated with a name (1936–)
245 ## - TITLE STATEMENT
Title Five true dog stories /
Statement of responsibility, etc. By Margaret Davidson ; Illustrated by Susanne Suba ; Cover illustration by Lisa Mccue
250 ## - EDITION STATEMENT
Edition statement This edition first published in 1977
260 ## - PUBLICATION, DISTRIBUTION, ETC.
Place of publication, distribution, etc. New York :
Name of publisher, distributor, etc. Scholastic,
Date of publication, distribution, etc. 1977
300 ## - PHYSICAL DESCRIPTION
Extent 47 pages :
Other physical details illustrations ;
Dimensions 20 cm
505 ## - FORMATTED CONTENTS NOTE
Formatted contents note P<br/>
520 ## - SUMMARY, ETC.
Summary, etc. A collection of five true stories relating the adventures of such dogs as Dox, a dog detective, Grip, a dog thief, and Sascha, a seeing eye dog.<br/>
521 8# - TARGET AUDIENCE NOTE
Target audience note 650<br/>
Source Lexile<br/>
521 8# - TARGET AUDIENCE NOTE
Target audience note P<br/>
Source Raz-Plus<br/>
650 ## - SUBJECT ADDED ENTRY--TOPICAL TERM
Source of heading or term Animal stories
Topical term or geographic name entry element Sonlight
650 ## - SUBJECT ADDED ENTRY--TOPICAL TERM
Source of heading or term Juvenile
Topical term or geographic name entry element True stories
700 ## - ADDED ENTRY--PERSONAL NAME
Personal name Suba, Susanne
Dates associated with a name illustrator
942 ## - ADDED ENTRY ELEMENTS (KOHA)
Source of classification or shelving scheme Dewey Decimal Classification
Koha item type Books
Suppress in OPAC No
Holdings
Withdrawn status Lost status Source of classification or shelving scheme Damaged status Not for loan Collection Home library Current library Shelving location Date acquired Total Checkouts Full call number Barcode Date last seen Date last checked out Copy number Price effective from Koha item type
    Dewey Decimal Classification     Juvenile Fiction Footprints International School Library Network Toul Tom Poung Campus Footprints International School Library Network Toul Kork Campus TTP Primary Orange Bookshelves 06/04/2025 2 DAV 636.7 SF426.5 2025-1476 11/21/2025 11/14/2025 1 06/04/2025 Books
    Dewey Decimal Classification     Juvenile Fiction Footprints International School Library Network Toul Tom Poung Campus Footprints International School Library Network Toul Tom Poung Campus TTP Primary Orange Bookshelves 07/02/2025   DAV 636.7 SF426.5 FIS00207 07/02/2025   2 07/02/2025 Books